=LDR 00000nam 2200000 4500 =001 INLIS000000000012402 =005 20130612103929 =008 ***********************************Ind** =035 ##$$0010-061300000012402 =041 ##$$a Ind =082 ##$$a 412 =090 ##$$a 412, Kha p =100 ##$$a Khaer, Abdul =245 ##$$a Penggunaan preposisi dan konjungsi bahasa Indonesia, Abdul Chaer =260 ##$$a 1990 $b Flores =300 ##$$a 105 hlm., 21 cm =650 ##$$a Bahasa Indonesia Etimologi =850 ##$$a NBPNMAT